Регионална библиотека "Любен Каравелов" - Русе

Лов у Колашину (Запис номер 344292)

MARC детайли
000 -Лидер
Контролно поле с фиксирана дължина 01043nam a2200277 c 4500
003 - Код на организацията, давaща контролен номер
Контролно поле BLK
005 - Дата и час на последна редакция
Контролно поле 20200428085956.0
008 - Елементи от данни с фиксирана дължина
fixed length control field 180911b bul|||||r ||||||| ||bul||
010 ## - Наследен системен номер
LC control number 003957
040 ## - Източник на каталожния запис
Идентификатор на билиотеката - собственик на записа BLK
041 ## - Код за език
Код за езика на текст/звукозапис или на отделно заглавие Сръбски
Код за езика КДБФ Български
080 ## - УДК
УДК - код + определител 392(497.11)639.1(497.11)(091)
100 1# - Редна дума - Автор
Автор ВЛАХОВИЧ, Митар
Авторска отговорност първи автор
R(LIN) 399964
245 00 - Сведения за заглавието
Заглавие Лов у Колашину
260 ## - Област на издателските данни
Място на издаване, разпространение и проч. Београд
Година на издаване 1933
300 ## - Физическа характеристика
Страници 72 с
Илюстрации и др. с ил.
Размери/Мащаб 23 см
380 ## - Жанр
Жанр Естествени науки. Математика
490 ## - СЕРИИ (Колекции)
Име на серия Частна колекция - Академик Михаил Арнаудов
Бележки за серията Дарение - Основен фонд
500 ## - Общи забележки
Забележка Автограф с текст: Г. др. М. Арнаудову ректору унив. у знак особого поштованьа писац;
501 ## - Забележка „подвързано към”
Забележка: Подвързано към...
650 ## - Допълнително описание по предмет – тема
Основно описание – тема или топоним Бит
9 (RLIN) 148764
655 ## - Ключова дума – жанр/разновидност
Данни за жанр/разновидност или ключова дума за фокус Етнология
700 1# - Други автори (авторска отговорност)
Лично име Митар С. Влахович
9 (RLIN) 399965
852 ## - Местоположение
Форматна сигнатура МА 3751
Фондова буква Фонд "Михаил Арнаудов"
999 ## - СИСТЕМНИ КОНТРОЛНИ НОМЕРА
Koha biblionumber 344292
Koha biblioitemnumber 344292
942 ## - АРТИКУЛИ
Вид на библиотечния материал Книги
Скрит в OPAC Не
Периодичен библиозапис Да
944 ## - СЪЗДАВАНЕ И РЕДАКЦИЯ на ЗАПИСА
Създаване/Редакция Създаване
Дата на регистрацията/редакция 1994
999 ## - СИСТЕМНИ КОНТРОЛНИ НОМЕРА
Koha biblioitemnumber 344292
999 ## - СИСТЕМНИ КОНТРОЛНИ НОМЕРА
Koha biblioitemnumber 344292
Наличности
Код за отписване Код за изгубен артикул Източник на класификационната схема Код за повреда Коз за рестрикции Код за отдаване Артикулен № Име на библиотеката - собственик Име на библиотеката, в която се намира в момента Статус (Текущо местоположение) Местоположение - отдел Цена в лева Номерация (Хронология) Инвентарен номер Систематично азбучна сигнатура Баркод Номер на екземпляра Цена в евро Служебен тип на артикула Бележка за публиката
  Не е изгубен Universal Decimal Classification Не е повреден без рестрикции Специални фондове ( старопечатни, редки и ценни, фонд М. Арнаудов) 744674 Регионална библиотека "Любен Каравелов" Русе Регионална библиотека "Любен Каравелов" Русе Фонд "Михаил Арнаудов" Фонд "Михаил Арнаудов" 10.00 Автограф: Митар Влаховиц 591812 МА 3751 120000591812 1 5.11 Книги с текст: Г. др. М. Арнаудову ректору унив. у знак особого поштованьа писац;
Vip Innovations Ltd, Rousse, Bulgaria 2025